Countries with the most nuclear weapons - Statistics

General Stats
  • This quiz has been taken 37 times
  • The average score is 8 of 9
Answer Stats
Hint Answer % Correct
5977 Weapons Russia
100%
5428 Weapons United States
100%
350 Weapons China
97%
290 Weapons France
94%
20 Weapons North Korea
91%
165 Weapons India
88%
165 Weapons Pakistan
88%
120 Weapons United Kingdom
88%
90 Weapons Israel
66%
No matching quizzes found
Score Distribution
Percent of People with Each Score
Percentile by Number Answered
Your Score History
You have not taken this quiz